[Event "RUS-Cup06"]
[Site "Tomsk"]
[Date "2001.07.07"]
[Round "8"]
[White "Ivanov, Anatoliy"]
[Black "Nebolsina, Vera"]
[Result "0-1"]
[WhiteElo "2273"]
[BlackElo "2063"]
[PlyCount "106"]
[EventDate "2001.06.30"]
[EventType "swiss"]
[EventRounds "9"]
[EventCountry "RUS"]
[SourceTitle "CBM 083 Extra"]
[Source "ChessBase"]
[SourceDate "2001.09.11"]
[SourceVersion "1"]
[SourceVersionDate "2001.09.11"]
[SourceQuality "1"]

1. d4 d5 2. Nf3 Nf6 3. Bf4 e6 4. e3 c5 5. c3 Qb6 6. Qc2 Nc6 7. Nbd2 Bd7 8. Be2 Rc8 9. dxc5 Bxc5 10. Nb3 Be7 11. 0-0 0-0 12. Rad1 Na5 13. Nxa5 Qxa5 14. Ne5 Ba4 15. b3 Rxc3 16. Qd2 Bd7 17. Nxd7 Nxd7 18. e4 Nf6 19. Be5 Nxe4 20. Bxc3 Qxc3 21. Qd3 Rc8 22. Bf3 Qxd3 23. Rxd3 Nc3 24. a4 b6 25. g3 Bb4 26. Kg2 Rd8 27. Bd1 e5 28. f3 f5 29. Bc2 d4 30. Rxc3 Bxc3 31. Bxf5 d3 32. Rd1 d2 33. Kf1 g6 34. Be6+ Kf8 35. Ke2 Ke7 36. Bc4 Rd4 37. Bd3 Kd6 38. Bc2 Kc5 39. Rh1 Rd6 40. h4 h6 41. g4 Kb4 42. h5 g5 43. Bd1 Ka3 44. Rf1 Rd4 45. Ke3 Rb4 46. Kd3 Kb2 47. Rh1 a5 48. Rf1 b5 49. axb5 Rxb5 50. Rh1 Rxb3 51. Bxb3 Kxb3 52. Rb1+ Ka2 53. Rd1 Kb2 0-1

[Event "RUS-Cup06"]
[Site "Tomsk"]
[Date "2001.07.03"]
[Round "4"]
[White "Kulakova, Viktoria"]
[Black "Ivanov, Anatoliy"]
[Result "1-0"]
[WhiteElo "2006"]
[BlackElo "2273"]
[PlyCount "61"]
[EventDate "2001.06.30"]
[EventType "swiss"]
[EventRounds "9"]
[EventCountry "RUS"]
[SourceTitle "CBM 083 Extra"]
[Source "ChessBase"]
[SourceDate "2001.09.11"]
[SourceVersion "1"]
[SourceVersionDate "2001.09.11"]
[SourceQuality "1"]

1. d4 Nf6 2. c4 g6 3. Nc3 Bg7 4. e4 d6 5. h3 0-0 6. Nge2 e5 7. d5 c6 8. g4 cxd5 9. cxd5 b5 10. g5 Nh5 11. Nxb5 Ba6 12. Nbc3 Nd7 13. Ng3 Nxg3 14. fxg3 Bxf1 15. Rxf1 Qb6 16. Qe2 Rab8 17. Rf2 f5 18. gxf6 Rxf6 19. b3 Nc5 20. Rxf6 Bxf6 21. Bd2 a5 22. Kf1 Rf8 23. Kg2 Bd8 24. Rf1 Rxf1 25. Qxf1 Qb4 26. Qf3 Qd4 27. Bh6 Nd7 28. Qe3 Qb4 29. Qf3 Bb6 30. Qg4 Nf8 31. Qc8 1-0

[Event "RUS-Cup06"]
[Site "Tomsk"]
[Date "2001.07.01"]
[Round "2"]
[White "Ivanov, Anatoliy"]
[Black "Margolin, Evgenij"]
[Result "0-1"]
[WhiteElo "2273"]
[BlackElo "2210"]
[PlyCount "70"]
[EventDate "2001.06.30"]
[EventType "swiss"]
[EventRounds "9"]
[EventCountry "RUS"]
[SourceTitle "CBM 083 Extra"]
[Source "ChessBase"]
[SourceDate "2001.09.11"]
[SourceVersion "1"]
[SourceVersionDate "2001.09.11"]
[SourceQuality "1"]

1. d4 Nf6 2. c4 g6 3. Nc3 Bg7 4. e4 d6 5. f4 0-0 6. Nf3 c5 7. d5 e6 8. Bd3 exd5 9. e5 dxe5 10. fxe5 Ng4 11. Bg5 Qa5 12. cxd5 Nxe5 13. 0-0 c4 14. Be4 Qb6+ 15. Kh1 Nxf3 16. Qxf3 Qxb2 17. Rac1 Nd7 18. Be7 Ne5 19. Qf4 Re8 20. Bc5 Bf5 21. Rc2 Qxc2 22. Bxc2 Bxc2 23. Nb5 Bd3 24. Re1 Nd7 25. Re7 Rxe7 26. Bxe7 c3 27. Nxc3 Bxc3 28. Qe3 Ne5 29. Bf6 Ng4 30. Qf3 Bxf6 31. Qxg4 Re8 32. h4 Re1+ 33. Kh2 Be5+ 34. g3 Be4 35. Qc8+ Kg7 0-1